000 00621nam a22002297a 4500
003 UA-OsUOA
001 92740
007 ta
008 20121224b un ||||| |||| 00| 0 ukr d
090 _a821.172
_bБ87
942 _cBK
040 _aUA-OsUOA
_brus
_cUA-OsUOA
_dUA-OsUOA
245 _aБрат радуги
_bсборник
_cсост. Й. Линкявичюс
300 _a270 с.
955 _a3
041 _arus
080 _a821.172
260 _aМ.
_bМолодая гвардия
_c1985
044 _aRU
650 7 _a82 Література. Літературознавство
_2UDC
999 _c379169
_d379169